| 000 | 01043nam a2200325 a 4500 | ||
|---|---|---|---|
| 001 | 22668 | ||
| 003 | SK-KTurca | ||
| 005 | 20260415142156.0 | ||
| 008 | 160314s1999 m yxo ra 0 slo | ||
| 015 | _aSNBA1999/12-04735 | ||
| 020 | _a8071187623 | ||
| 035 | _aSNK000328595 | ||
| 040 |
_aSNK _bslo _cSNK _eAACR2 |
||
| 044 | _aSK | ||
| 080 |
_a820 (73)-3 _21. stred. slo |
||
| 100 | 1 |
_aLindsey, Johana, _d1952-2017 |
|
| 240 | 1 | 0 |
_aCaptive bride _lSlovensky |
| 245 | 1 |
_aZajatá nevesta _cJohanna Lindseyová ; [z anglického originálu preložila Tatiana Ruppeldtová] |
|
| 260 |
_aBratislava _bIkar _c1999 |
||
| 300 |
_a239 s. _c21 cm |
||
| 500 | _aÚdaj o prekl. prevzatý z rubu tit. strany | ||
| 650 | 0 | 7 |
_aamerická literatúra _2SNKPH |
| 650 | 0 | 7 |
_aľúbostné romány _2SNKPH |
| 650 | 0 | 7 |
_ahistorické romány _2SNKPH |
| 700 | 1 |
_aRuppeldtová, Tatiana, _d1921-2006 _4prk |
|
| 730 | _aCaptive bride | ||
| 765 | 0 |
_tCaptive bride _aLindsey, Johanna |
|
| 942 |
_2ddc _cKLDO _n0 |
||
| 999 |
_c22668 _d22668 |
||